Fósiles / (Record no. 127300)

MARC details
000 -LEADER
campo de control de longitud fija 00750nam a2200229 i 4500
001 - NÚMERO DE CONTROL
campo de control 127300
003 - IDENTIFICADOR DE NÚMERO DE CONTROL
campo de control ES-MaACL
005 - FECHA Y HORA DE LA ÚLTIMA TRANSACCIÓN
campo de control 20250728105513.0
007 - CAMPO FIJO DE DESCRIPCIÓN FÍSICA--INFORMACIÓN GENERAL
campo de control de longitud fija t|
008 - DATOS DE LONGITUD FIJA--INFORMACIÓN GENERAL
campo de control de longitud fija 070214s1970 sp r ||||1| spa d
100 1# - ENTRADA PRINCIPAL--NOMBRE DE PERSONA
Nombre de persona Rhodes, Franck H. T.
9 (RLIN) 96659
245 10 - MENCIÓN DEL TÍTULO
Título Fósiles /
Mención de responsabilidad, etc. Franck H. T. Rhodes, H. S. Zim, P. K. Shaffer ; traducción de Rafael Candel Vila, ilustraciones de Raymond Perlman.
260 ## - PUBLICACIÓN, DISTRIBUCIÓN, ETC.
Lugar de publicación, distribución, etc. Barcelona :
Nombre del editor, distribuidor, etc. Daimon,
Fecha de publicación, distribución, etc. 1970.
300 ## - DESCRIPCIÓN FÍSICA
Extensión 160 p. :
Otras características físicas il. ;
Dimensiones 16 cm.
650 #4 - PUNTO DE ACCESO ADICIONAL DE MATERIA--TÉRMINO DE MATERIA
Término de materia o nombre geográfico como elemento de entrada Fósiles.
9 (RLIN) 136152
700 1# - ENTRADA AGREGADA--NOMBRE PERSONAL
Nombre de persona Zim, Herbert Spencer
9 (RLIN) 118257
700 1# - ENTRADA AGREGADA--NOMBRE PERSONAL
Nombre de persona Shaffer, P. K.
9 (RLIN) 105980
700 1# - ENTRADA AGREGADA--NOMBRE PERSONAL
Nombre de persona Candel Vila, Rafael.
9 (RLIN) 34451
700 1# - ENTRADA AGREGADA--NOMBRE PERSONAL
Nombre de persona Perlman, Raymond.
9 (RLIN) 91291
852 ## - LOCALIZACIÓN
Ubicación ES-MaACL
Número de control de estantería C-42127
Sublocalización o colección R.76392
Holdings
Estatus retirado Estado de pérdida Estado de daño No para préstamo Biblioteca de origen Biblioteca actual Ubicación en estantería Fecha de adquisición Fuente de adquisición Total de préstamos Signatura topográfica completa Código de barras Visto por última vez Precio de reemplazo Tipo de ítem Koha
        Biblioteca del Ateneo de Madrid Biblioteca del Ateneo de Madrid Depósito 2 17/01/2008     C-42127 1132592 23/02/2023 23/02/2023 Libro impreso